000 00591nam a2200205Ia 4500
005 20250923145551.0
008 008 250917s9999 xx 000 0 eng d
037 _aTextual
040 _aDSWL
_beng
_cDSWL
041 _aeng
_2eng
084 _aY73(Q7).212'N22<-J98, N80
_qDSWL
100 _aDale, S.F.
_9836669
245 4 _aThe Mappilas of Malabar 1498-1928
_c by S.F.Dale
260 _aDelhi
_bOxford
_c1980
300 _aix,290p.
365 _aGBP
_b162
925 _g162
942 _cTEXL
_hY73(Q7).212'N22<-J98, N80
999 _c1452928
_d1452928